000 00283nam a2200133Ia 4500
008 221030s9999 xx 000 0 und d
041 _aEnglish
082 _a105.23
100 _aImtiyaz Ali Bhat
245 0 _aDOT NET
260 _aJammu
_c2000
650 _aComputers
942 _cTH
999 _c5162
_d5162